000 00309nam a22001337a 4500
008 170612b xxu||||| |||| 00| 0 eng d
020 _a9781555876012
041 _aeng
080 _a94(100)
100 _a17
101 _aSHH
245 _aRESOLVING INTERNATIONAL CONFLICTS
_cBERCOVITCH,J
942 _2udc
_cBK
999 _c17042
_d17042